000 01673nam a2200277 4500
005 20210519132022.0
008 210502s2002 ec ab| fr|||| 101 0 spa d
020 _a9978046259
040 _aCENDOC CAAAP
_bspa
_cCAAAP
041 _aspa
050 _aC
_bF S29.A5 E
111 _92932
_aEncuentro Macroregional de Organizaciones Indígenas y Campesinas
_cLima, Perú
_d2002.
_n1º.
245 0 _aDesarrollo sostenible y descentralizado de la Amazonía Peruana /
_c[edición, Walter Herz].
250 _a1ra ed.
260 _aLima :
_bCoordinadora Agroforestal Indígena y Campesina del Perú :Foro Ecológico del Perú :
_bRed Perú de Iniciativas de Concertación para el Desarrollo Local,
_c2002
300 _a165 p. :
_bil. ;
_c30 cm.
500 _aEncuentro realizado del 20 al 22 de noviembre de 2001.
505 0 _aConcertación indígena-campesina en la Amazonía: reseña y balance de un proceso inédito / Walter Herz -- Falsos mitos y medias verdades sobre el desarrollo / Ernesto Ráez Luna -- Actores y desarrollo en la región amazónica peruana / Rodrigo Arce -- La ley forestal y de fauna silvestre: análisis y propuestas / Ernesto Ráez Luna -- Políticas públicas y desarrollo sostenible de la Amazonía Peruana / Julio Díaz Palacios.
650 1 0 _92933
_aComunidades nativas
_vCongresos
_zPerú
_zAmazonía
650 2 0 _92934
_aCampesinos
_vCongresos
_zPerú
700 1 _92928
_aHerz, Walter
_eeditor
710 2 _92929
_aCoordinadora Agroforestal Indígena y Campesina del Perú
710 2 _92930
_aForo Ecológico del Perú.
710 2 _92931
_aRed Perú de Iniciativas de Concertación para el Desarrollo Local.
942 _2lcc
_b02 - 05 - 21
_cBK
999 _c1333
_d1333